| 000 -LEADER |
| fixed length control field |
00929pab a2200193 454500 |
| 008 - FIXED-LENGTH DATA ELEMENTS--GENERAL INFORMATION |
| fixed length control field |
180718b1999 xxu||||| |||| 00| 0 eng d |
| 100 ## - MAIN ENTRY--PERSONAL NAME |
| Personal name |
Govindappa, G.T. |
| 245 ## - TITLE STATEMENT |
| Title |
Rural women entrepreneurship: constraints and strategies |
| 260 ## - PUBLICATION, DISTRIBUTION, ETC. |
| Date of publication, distribution, etc. |
1999 |
| 300 ## - PHYSICAL DESCRIPTION |
| Extent |
p.11-14 |
| 362 ## - DATES OF PUBLICATION AND/OR SEQUENTIAL DESIGNATION |
| Dates of publication and/or sequential designation |
Nov |
| 520 ## - SUMMARY, ETC. |
| Summary, etc. |
The individual is one of the very important factors in entrepreneurship. The individuals with high-need for achievement become entrepreneurs. Entrepreneurship development among rural women should first prepare them through motivation training for entrepreneurial venture. Rural women also face social and technological risks. Strategy for development of entrepreneurship among these women should address these risks also. - Reproduced |
| 650 ## - SUBJECT ADDED ENTRY--TOPICAL TERM |
| Topical term or geographic name entry element |
Entrepreneurs - India |
| 650 ## - SUBJECT ADDED ENTRY--TOPICAL TERM |
| Topical term or geographic name entry element |
Rural women - India |
| 650 ## - SUBJECT ADDED ENTRY--TOPICAL TERM |
| Topical term or geographic name entry element |
Women in business - India |
| 650 ## - SUBJECT ADDED ENTRY--TOPICAL TERM |
| Topical term or geographic name entry element |
Women in business |
| 773 ## - HOST ITEM ENTRY |
| Main entry heading |
Kurukshetra |
| 909 ## - |
| -- |
43060 |